|
|
|
|
| LEADER |
01446nam a2200265 a 4500 |
| 001 |
13424964 |
| 008 |
100708r20092004njua b 001 0 eng d |
| 010 |
|
|
|a 2003026236
|
| 020 |
|
|
|a 9788126505272
|
| 020 |
|
|
|a 0470853204 (pbk. : acid-free paper)
|
| 040 |
|
|
|a DLC
|c DLC
|d DLC
|d DB-DhAAL
|
| 082 |
0 |
0 |
|a 005.13
|2 22
|
| 100 |
1 |
|
|a Watt, David A.
|q (David Anthony)
|
| 245 |
1 |
0 |
|a Programming language design concepts /
|c David A. Watt ; with contributions by William Findlay.
|
| 260 |
|
|
|a Hoboken, NJ ;
|a New Delhi :
|b John Wiley & Sons,
|c c2004.[reprinted 2009
|
| 300 |
|
|
|a xviii, 473 p. :
|b ill. ;
|c 24 cm.
|
| 504 |
|
|
|a Includes bibliographical references (p. 449-451) and index.
|
| 541 |
1 |
|
|e 00020622
|
| 650 |
|
0 |
|a Programming languages (Electronic computers)
|
| 700 |
1 |
|
|a Findlay, William,
|d 1947-
|
| 852 |
4 |
|
|a Ayesha Abed Library
|j General Shelf.
|
| 999 |
|
|
|c 9232
|d 9232
|
| 952 |
|
|
|0 0
|1 4
|2 ddc
|4 0
|6 005_130000000000000_WAT
|7 0
|9 11670
|a BRACUL
|b BRACUL
|c GEN
|d 2010-08-23
|e Karim International
|l 0
|o 005.13 WAT
|p 3010020622
|r 2010-08-23
|t 1
|w 2010-08-23
|y BK
|x Koha Inventory 2020
|
| 952 |
|
|
|0 0
|1 0
|2 ddc
|4 0
|6 005_130000000000000_WAT_2009
|7 0
|9 17810
|a BRACUL
|b BRACUL
|c GEN
|d 2011-08-10
|e Karim International
|l 3
|m 27
|o 005.13 WAT
|p 3010020623
|r 2024-02-04
|s 2024-02-04
|t 2
|w 2011-08-10
|y BK
|
| 952 |
|
|
|0 0
|1 0
|2 ddc
|4 0
|6 005_130000000000000_WAT_2009
|7 0
|9 17811
|a BRACUL
|b BRACUL
|c GEN
|d 2011-08-10
|e Karim International
|l 2
|m 2
|o 005.13 WAT
|p 3010020624
|r 2025-07-10
|s 2025-06-18
|t 3
|w 2011-08-10
|y BK
|